| 000 | 01093cam a2200205 4500 | ||
|---|---|---|---|
| 001 | WB3904-19 | ||
| 008 | 030129n2003 000 0 eng u | ||
| 035 | _a(Sirsi) u121172 | ||
| 245 | _aPlanning and open space in Scotland | ||
| 260 | _c2003 | ||
| 490 |
_aScottish Executive News Release _v29 January 2003, (2) |
||
| 520 | _aPlanning advice note 65 "Planning and open space" has been published by the Scottish Executive. PAN 65 highlights good practice and outlines ways in which planning authorities can carry out an analysis wthin their area. It also deals with the provision and maintenance of quality spaces and the preparation of open space strategies. PAN 65 is available at http://www.scotland.gov.uk/library5/planning/pan65-00.asp or copies can be ordered from the Planning Helpline t +44 (0)8457 741741 http://www.scotland.gov.uk/pages/news/2003/01/SESJ164.aspx | ||
| 590 | _aWB | ||
| 650 | _aSCOTLAND | ||
| 650 | _aPLANNING ADVICE NOTES | ||
| 650 | _aPAN65 | ||
| 650 | _aOPEN SPACES | ||
| 690 | _aENVIRONMENTAL AND LAND CONSULTANCY-PLANNING AND DEVELOPMENT | ||
| 942 | _n0 | ||
| 999 |
_c72000 _d72000 |
||